| 000 | 00421nam a2200181Ia 4500 | ||
|---|---|---|---|
| 003 | OSt | ||
| 005 | 20260401144203.0 | ||
| 008 | 250729s2003 xx 000 0 und d | ||
| 040 | _cAL | ||
| 041 | _akan | ||
| 082 | _a370.20 SAKK | ||
| 100 |
_aSaku Pangala _9230815 |
||
| 245 | _aKalikegidu sarasa | ||
| 260 |
_aUdupi _bShri Vidya Prakashana _c2003 |
||
| 300 | _a28p | ||
| 650 |
_aKannada _9230816 |
||
| 942 |
_2ddc _cBED |
||
| 999 |
_c238970 _d238970 |
||